- Maira, Luis
Entry Nombre Personal
001 - NUMERO DE CONTROL
- campo de control: 50512
003 - IDENTIFICADOR DE NUMERO DE CONTROL
- campo de control: DLC
005 - FECHA Y HORA DE LA ÜLTIMA TRANSACCIÓN
- campo de control: 20231101084021.0
008 - DATOS DE LONGITUD FIJA
- campo de control de longitud fija: 820115n| azannaabn |a aaa
010 ## - NÚMERO DE CONTROL DE LA BIBLIOTECA DEL CONGRESO
- Número de control LC: n 81140158
035 ## - NUMERO DE CONTROL
- Número de control: (OCoLC)oca00684974
035 ## - NUMERO DE CONTROL
- Número de control: (CaEvSKY)skya1757514
040 ## - FUENTE DE CATALOGACIÓN
- Agencia original de catalogación: DLC
- Lenguaje de catalogación: spa
- Description conventions: rda
- Agencia de transcripción: DLC
- Agencia que lo modifica: DLC
- Agencia que lo modifica: OCoLC
- Agencia que lo modifica: DLC
- Agencia que lo modifica: MX-MxCID
- Agencia que lo modifica: MX-MxUPN
046 ## - FECHAS CON CODIFICACIÓN ESPECIAL
- Fecha de nacimiento: 1940
100 1# - ENCABEZAMIENTO - NOMBRE PERSONAL
- Nombre personal: Maira, Luis
370 ## - LUGAR ASOCIADO
- Place of birth: Santiago (Chile)
371 ## - DIRECCIÓN
- Electronic mail address: luis.maira@cide.edu
372 ## - CAMPO DE ACTIVIDAD
- Field of activity: Derecho
373 ## - GRUPO ASOCIADO
- Associated group: Universidad de Chile
- Associated group: Pontificia Universidade Católica do Rio de Janeiro
- Associated group: Universidad Católica de Chile
- Associated group: Universidad Nacional Autónoma de México
- Associated group: Centro de Investigación y Docencia Económicas
- Fuente del término: naf
374 ## - OCUPACIÓN
- Occupation: Profesor universitario
400 1# - VEÁSE - NOMBRE DE PERSONA
- Personal name: Maira A., Luis
400 1# - VEÁSE - NOMBRE DE PERSONA
- Personal name: Maira Aguirre, Luis
670 ## - FUENTE EN LA QUE SE LOCALIZARON DATOS
- Cita de la fuente: His Chile: dos años de Unidad Popular, 1973.
670 ## - FUENTE EN LA QUE SE LOCALIZARON DATOS
- Cita de la fuente: Estrategia y táctica de la contrarrevolución, 1977:
- Información localizada: portada (Luis Maira A.)
670 ## - FUENTE EN LA QUE SE LOCALIZARON DATOS
- Cita de la fuente: Las dictaduras en América Latina, 1986:
- Información localizada: portada (Luis Maira) solapa (b. 1940, Santiago, estudió derecho en la Universidad de Chile, Diputado por Santiago durante tres períodos, profesor en las Universidades Católica de Río de Janeiro, Nacional Autónoma de México y Católica de Chile)
670 ## - FUENTE EN LA QUE SE LOCALIZARON DATOS
- Cita de la fuente: Superando la pobreza, construyendo la equidad, 1995:
- Información localizada: portada (Luis Maira) flap of cover (Luis Maira Aguirre)
670 ## - FUENTE EN LA QUE SE LOCALIZARON DATOS
- Cita de la fuente: Perfil de investigadores, CIDE, vía WWW, Jul. 08, 2014:
- Información localizada: (Luis Maira Aguirre; Profesor/Investigador afiliado; Correo electrónico: luis.maira@cide.edu ; Centro de Investigación y Docencia Económicas, División de Estudios Internacionales)
- Uniform Resource Identifier: http://www.cide.edu.mx/investigador/profile.php?IdInvestigador=1020
670 ## - FUENTE EN LA QUE SE LOCALIZARON DATOS
- Cita de la fuente: Chile-México: dos transiciones frente a frente, 2000:
- Información localizada: portada (Luis Maira)
902 ## - CATALOGADOR
- Catalogador: Víctor Ruiz/011123
